Dublin City Trivia - Statistics

General Stats
  • This quiz has been taken 24 times
  • The average score is 12 of 20
Answer Stats
Clue Answer % Correct
Brand of beer that originated from the St. James's Gate Brewery in 1759 Guinness
100%
Poorly-rated, but affordable airline based in the nearby town of Swords Ryanair
92%
Largest city in Ireland after Dublin Cork
88%
Largest park in Dublin (hint: mythological bird) {Phoenix} Park
88%
Oldest and most prestigious college in Dublin—houses the "Book of Kells" {Trinity} College
83%
Tourist trap district with a famous red-fronted pub {Temple} Bar
79%
Main river that flows through the heart of Dublin River Liffey
75%
Founding members of the Dublin rock band U2 Bono
71%
People group who established a fort at modern-day Dublin in 841 AD Vikings
71%
Author who wrote "Ulysses" and "Finnegans Wake" James Joyce
67%
Author who wrote "Dracula" Bram Stoker
58%
Major stadium where Gaelic football is played {Croke} Park
58%
Áras an Uachtaráin is where this person lives President of Ireland
58%
Literal translation of the name "Dublin" (hint: also a resort town in northwest England) Blackpool
54%
City of Dublin's name in Irish Baile Átha {Cliath}
46%
Fill in the blank lyrics from the Irish folk song "Molly Malone": In Dublin's ____ ____, where the girls are so pretty Fair City
46%
Founding members of the Dublin rock band U2 The Edge
46%
Three of these objects are depicted on the blue shield of Dublin's coat of arms Burning Castles
21%
Founding members of the Dublin rock band U2 Adam Clayton
13%
Founding members of the Dublin rock band U2 Larry Mullen Jr.
4%
No matching quizzes found
Score Distribution
Percent of People with Each Score
Percentile by Number Answered
Your Score History
You have not taken this quiz